000 00366pab a2200169 454500
008 180718b2013 xxu||||| |||| 00| 0 eng d
100 _aNayar, Kuldip
245 _aThe partition story
260 _c2013
300 _ap.7-8.
362 _a17 Aug
650 _aIndia - History
650 _aHistory
773 _aMainstream
908 _aN
909 _a100519
999 _c100518
_d100518